Central Library OPAC University of Rajshahi

একটি ব্যতিক্রমী দ্বিভাষিক দে'জ অভিনব অভিধান : (Record no. 44253)

MARC details
000 -LEADER
fixed length control field 01397nam a2200289 a 4500
001 - CONTROL NUMBER
control field 44253
003 - CONTROL NUMBER IDENTIFIER
rucl marc code BD-RjUL
005 - DATE AND TIME OF LATEST TRANSACTION
control field 20211209053826.0
008 - FIXED-LENGTH DATA ELEMENTS--GENERAL INFORMATION
fixed length control field 160716s2013 ii ||||| |||| 00| 0 ben d
020 ## - INTERNATIONAL STANDARD BOOK NUMBER
International Standard Book Number 9788129517029
Terms of availability : IRs. 300.00
035 ## - SYSTEM CONTROL NUMBER
System control number (BD-RjUL)44371
040 ## - CATALOGING SOURCE
Original cataloging agency BD-RjUL
Language of cataloging ben
Transcribing agency BD-RjUL
041 ## - LANGUAGE CODE
Language code of text/sound track or separate title ben
082 ## - DEWEY DECIMAL CLASSIFICATION NUMBER
Edition number 23
Classification number 491.4403
Author mark and year CHE 2013
100 ## - MAIN ENTRY--PERSONAL NAME
Personal name চন্দ্র, দীপক
9 (RLIN) 135872
245 10 - TITLE STATEMENT
Title একটি ব্যতিক্রমী দ্বিভাষিক দে'জ অভিনব অভিধান :
Remainder of title বাংলা থেকে বাংলা ও ইংরেজি প্রতিশব্দ = Bengali to Bengali and Bengali to English Dictionary /
Statement of responsibility, etc. দীপক চন্দ্র ও ইলা চন্দ্র
250 ## - EDITION STATEMENT
Edition statement ১ম দে'জ সং.
260 ## - PUBLICATION, DISTRIBUTION, ETC. (IMPRINT)
Place of publication, distribution, etc. কলকাতা :
Name of publisher, distributor, etc. দে'জ পাবলিশিং,
Date of publication, distribution, etc. ২০১৩
300 ## - PHYSICAL DESCRIPTION
Pagination [১৬], ৫৬০ পৃ. ;
Size ২২ সেমি.
600 ## - SUBJECT ADDED ENTRY--PERSONAL NAME
Titles and other words associated with a name
650 ## - SUBJECT ADDED ENTRY--TOPICAL TERM
Topical term or geographic name as entry element বাংলা ভাষা
Form subdivision অভিধান
General subdivision ইংরেজি
9 (RLIN) 135874
Topical term or geographic name as entry element Bengali language
Form subdivision Dictionaries
General subdivision English
9 (RLIN) 135875
Topical term or geographic name as entry element বাংলা ভাষা
Form subdivision অভিধান
9 (RLIN) 135876
Topical term or geographic name as entry element Bengali language
Form subdivision Dictionaries.
9 (RLIN) 116749
700 ## - ADDED ENTRY--PERSONAL NAME
Personal name চন্দ্র, ইলা, যুগ্ম লেখক
942 ## - ADDED ENTRY ELEMENTS (KOHA)
Source of classification or shelving scheme Dewey Decimal Classification
Koha item type Reference
Holdings
Lost status Source of classification or shelving scheme Damaged status Not for loan Collection code Permanent Location Current Location Shelving location Date acquired Source of acquisition Cost, normal purchase price Total Checkouts Full call number Date last seen Copy number Koha item type
  Dewey Decimal Classification   Not For Loan Reference Central Library, University of Rajshahi Central Library, University of Rajshahi   05/07/2015 Chittagaon, Batighor 660.00   BR 491.4403 CHE 2013 16/07/2016 C-1 Reference
  Dewey Decimal Classification   Not For Loan Reference Central Library, University of Rajshahi Central Library, University of Rajshahi   05/07/2015 Chittagaon, Batighor 660.00   BR 491.4403 CHE 2013 16/07/2016 C-2 Reference
  Dewey Decimal Classification   Not For Loan Reference Central Library, University of Rajshahi Central Library, University of Rajshahi   05/07/2015 Chittagaon, Batighor 660.00   BR 491.4403 CHE 2013 16/07/2016 C-3 Reference